00382pab a2200133 454500008004000000100001800040245006300058260000900121300001400130362001200144650002200156650001400178773005600192180718b2006 xxu||||| |||| 00| 0 eng d aKaur, Sarbjit aJudicial review and the ninth schedule of the constitution c2006 ap.314-42. aJul-Dec aJudiciary - India aJudiciary aJournal of Constitutional and Parliamentary Studies